|
|
|
|
| LEADER |
00000cam a22000004a 4500 |
| 001 |
musev2_5253 |
| 003 |
MdBmJHUP |
| 005 |
20230905040628.0 |
| 006 |
m o d |
| 007 |
cr||||||||nn|n |
| 008 |
070222s2007 nyu o 00 0 eng d |
| 010 |
|
|
|z 2007007703
|
| 020 |
|
|
|a 9780791479155
|
| 020 |
|
|
|z 9780791472514
|
| 035 |
|
|
|a (OCoLC)498339004
|
| 040 |
|
|
|a MdBmJHUP
|c MdBmJHUP
|
| 050 |
0 |
4 |
|a DS38.2
|b .T313 1985 Index
|
| 082 |
0 |
|
|a 909/.1
|2 22
|
| 100 |
1 |
|
|a Popovkin, Alex V.
|
| 245 |
1 |
4 |
|a History of al-Tabari Volume XL, The :
|b Index /
|n Vol. 40 :
|c prepared by Alex V. Popovkin under the supervision of Everett K. Rowson.
|n Vol. 40 :
|
| 264 |
|
1 |
|a Albany :
|b State University of New York Press,
|c 2007.
|
| 264 |
|
3 |
|a Baltimore, Md. :
|b Project MUSE,
|c 2012
|
| 264 |
|
4 |
|c ©2007.
|
| 300 |
|
|
|a 1 online resource (696 pages).
|
| 336 |
|
|
|a text
|b txt
|2 rdacontent
|
| 337 |
|
|
|a computer
|b c
|2 rdamedia
|
| 338 |
|
|
|a online resource
|b cr
|2 rdacarrier
|
| 490 |
0 |
|
|a SUNY series in Near Eastern studies
|
| 588 |
|
|
|a Description based on print version record.
|
| 600 |
0 |
0 |
|a Ṭabarī,
|d 838?-923
|v Indexes.
|
| 600 |
0 |
0 |
|a Ṭabarī,
|d 838?-923.
|t Tārīkh al-rusul wa-al-mulūk.
|l English
|v Indexes.
|
| 655 |
|
7 |
|a Electronic books.
|2 local
|
| 700 |
1 |
|
|a Rowson, Everett K.
|
| 710 |
2 |
|
|a Project Muse.
|e distributor
|
| 830 |
|
0 |
|a Book collections on Project MUSE.
|
| 856 |
4 |
0 |
|z Texto completo
|u https://projectmuse.uam.elogim.com/book/5253/
|
| 945 |
|
|
|a Project MUSE - Custom Collection
|
| 945 |
|
|
|a Project MUSE - Archive Complete Foundation
|
| 945 |
|
|
|a Project MUSE - Archive History Foundation
|